| 000 | 01316nam a2200289 4500 | ||
|---|---|---|---|
| 003 | OSt | ||
| 005 | 20260601193851.0 | ||
| 008 | 260420b2001 mx a|||| |||| 00| 0 spa d | ||
| 020 | _a9687478136 | ||
| 040 |
_aICI _bspa _cICI |
||
| 050 |
_aNK2014 _bM84 |
||
| 100 | 1 |
_aJuan Bernardo Dolores González _932358 |
|
| 111 | 2 |
_aMuestra Internacional de Interiorismo Contemporaneo _932359 |
|
| 245 | 1 |
_a Primera muestra internacional de interiorismo contemporaneo : _b Mexico / _cJuan Bernardo Dolores Gonzalez, Guillermo Plazola Anguiano, curaduria ; autores publicacion, Gullermo Plazola Anguiano, Juan Bernardo Dolores Gonzalez ; investigacion y redaccion, Isaura Gonzalez Gottdiener |
|
| 264 |
_bPlazola, _c2001 _aMéxico : |
||
| 300 |
_a136 páginas _bilustraciones |
||
| 336 |
_atexto _2rdacontent |
||
| 337 |
_asin medio _2rdamedia |
||
| 338 |
_avolumen _2rdacarrier |
||
| 500 | _a Coedicion con: Diseño Contemporaneo Internacional, International Interior Design Association | ||
| 650 |
_aDecoración de interiores _xExposiciones _zMéxico _932360 |
||
| 650 |
_a Arquitectura de interiores _xExposiciones _zMéxico _932361 |
||
| 700 | 1 |
_aDolores Gonzalez, Juan Bernardo, _eeditor _932362 |
|
| 700 | 1 |
_aPlazola Anguiano, Guillermo, _eeditor |
|
| 700 | 1 |
_aGonzalez Gottdiener, Isaura, _ecolaborador |
|
| 942 |
_2lcc _cB |
||
| 999 |
_c21866 _d21866 |
||